Sequences and series in calculus (Record no. 28343)

MARC details
000 -LEADER
fixed length control field 00494nam a22001697a 4500
003 - CONTROL NUMBER IDENTIFIER
control field OSt
005 - DATE AND TIME OF LATEST TRANSACTION
control field 20250220163332.0
008 - FIXED-LENGTH DATA ELEMENTS--GENERAL INFORMATION
fixed length control field 250220b |||||||| |||| 00| 0 eng d
020 ## - INTERNATIONAL STANDARD BOOK NUMBER
International Standard Book Number 9783110768350
082 ## - DEWEY DECIMAL CLASSIFICATION NUMBER
Classification number 515.24
Item number F32S
100 ## - MAIN ENTRY--PERSONAL NAME
Personal name Fehribach, Joseph D.
Relator term Author
245 ## - TITLE STATEMENT
Title Sequences and series in calculus
Statement of responsibility, etc by Joseph D. Fehribach
260 ## - PUBLICATION, DISTRIBUTION, ETC. (IMPRINT)
Place of publication, distribution, etc Berlin
Name of publisher, distributor, etc Walter de Gruyter
Date of publication, distribution, etc 2023
300 ## - PHYSICAL DESCRIPTION
Extent xii,121p.
Other physical details PB
653 ## - INDEX TERM--UNCONTROLLED
Uncontrolled term sequences; series; calculus; Mathematics
942 ## - ADDED ENTRY ELEMENTS (KOHA)
Source of classification or shelving scheme Dewey Decimal Classification
Koha item type Books
Holdings
Withdrawn status Lost status Source of classification or shelving scheme Damaged status Not for loan Collection code Home library Current library Date acquired Source of acquisition Total Checkouts Full call number Barcode Date last seen Price effective from Koha item type Date checked out
    Dewey Decimal Classification   Not For Loan Reserve Text Book Central University Of Rajasthan Central University Of Rajasthan 20/02/2025 MTH   515.24 F32S 045845 20/02/2025 20/02/2025 Books  
    Dewey Decimal Classification     General Text Book Central University Of Rajasthan Central University Of Rajasthan 20/02/2025 MTH   515.24 F32S 045843 20/02/2025 20/02/2025 Books  
    Dewey Decimal Classification     General Text Book Central University Of Rajasthan Central University Of Rajasthan 20/02/2025 MTH   515.24 F32S 045844 20/02/2025 20/02/2025 Books  
    Dewey Decimal Classification     General Text Book Central University Of Rajasthan Central University Of Rajasthan 20/02/2025 MTH   515.24 F32S 045841 20/02/2025 20/02/2025 Books  
    Dewey Decimal Classification     General Text Book Central University Of Rajasthan Central University Of Rajasthan 20/02/2025 MTH 1 515.24 F32S 045842 18/03/2026 20/02/2025 Books 11/03/2026